[Event "Fujairah Masters 2012"]
[Site "Fujairah City UAE"]
[Date "2012.11.18"]
[Round "6.8"]
[White "Mchedlishvili, Mikheil"]
[Black "Guseinov, Gadir"]
[Result "1-0"]
[WhiteTitle "GM"]
[BlackTitle "GM"]
[WhiteElo "2639"]
[BlackElo "2621"]
[WhiteFideId "13600966"]
[BlackFideId "13401378"]
[EventDate "2012.11.13"]

1. d4 Nf6 2. c4 g6 3. Nc3 Bg7 4. e4 d6 5. Nf3 O-O 6. Be2 Na6 7. O-O e5 8. Be3
Ng4 9. Bg5 Qe8 10. dxe5 h6 11. Bd2 Nxe5 12. Nd4 h5 13. Bg5 c6 14. Qd2 Nc5 15.
Bh6 Bxh6 16. Qxh6 Ng4 17. Bxg4 hxg4 18. f4 gxf3 19. Nxf3 Qe7 20. Ng5 f6 21.
Qxg6+ Qg7 22. Qxg7+ Kxg7 23. Nf3 Be6 24. b3 a5 25. Nd4 Rae8 26. Rad1 Bc8 27.
Rfe1 Kf7 28. h3 Rg8 29. Kf2 f5 30. Re3 fxe4 31. g4 Re5 32. Kg3 Rge8 33. Nde2 Rd8
34. h4 Ke7 35. g5 d5 36. cxd5 cxd5 37. Nb5 Ne6 38. Nbd4 Nxd4 39. Nxd4 Rf8 40.
Ree1 Bd7 41. Rf1 Rxf1 42. Rxf1 e3 43. g6 Re4 44. Rf4 Re5 45. g7 Be6 46. Kf3 Bf7
47. Nf5+ Kf6 48. Nd6+ Kxg7 49. Rxf7+ Kg8 50. Ke2 d4 51. Rf5 d3+ 52. Kxd3 Re6 53.
Ne4 1-0

[Event "Fujairah Masters 2012"]
[Site "Fujairah City UAE"]
[Date "2012.11.18"]
[Round "6.9"]
[White "Satyapragyan, Swayangsu"]
[Black "Parligras, Mircea-Emilian"]
[Result "1/2-1/2"]
[WhiteTitle "IM"]
[BlackTitle "GM"]
[WhiteElo "2474"]
[BlackElo "2635"]
[WhiteFideId "5004306"]
[BlackFideId "1204297"]
[EventDate "2012.11.13"]

1. e4 c6 2. Nc3 d5 3. Nf3 Nf6 4. e5 Ne4 5. d4 c5 6. Bb5+ Bd7 7. e6 Bxb5 8. exf7+
Kxf7 9. Nxb5 Nc6 10. O-O e6 11. c4 Be7 12. Be3 cxd4 13. Nbxd4 Bf6 14. cxd5 exd5
15. Rc1 Nxd4 16. Nxd4 Qd7 17. f3 Nd6 18. Qb3 Nc4 19. Rxc4 dxc4 20. Qxc4+ Kg6 21.
Qc2+ Kf7 22. Qc4+ Kg6 23. Qc2+ Kf7 1/2-1/2

[Event "Fujairah Masters 2012"]
[Site "Fujairah City UAE"]
[Date "2012.11.18"]
[Round "6.10"]
[White "Zherebukh, Yaroslav"]
[Black "Solak, Dragan"]
[Result "1-0"]
[WhiteTitle "GM"]
[BlackTitle "GM"]
[WhiteElo "2627"]
[BlackElo "2597"]
[WhiteFideId "14116804"]
[BlackFideId "916811"]
[EventDate "2012.11.13"]

1. d4 Nf6 2. Bg5 g6 3. Bxf6 exf6 4. e3 Bg7 5. c4 d6 6. Nc3 O-O 7. g3 c5 8. Bg2
Qb6 9. Nd5 Qa5+ 10. b4 Qd8 11. Ne2 Nc6 12. b5 Ne7 13. O-O Be6 14. Nef4 Bxd5 15.
Nxd5 Nxd5 16. Bxd5 Qe7 17. dxc5 dxc5 18. a4 f5 19. Ra3 Rad8 20. a5 Bf6 21. b6
axb6 22. axb6 Rd6 23. Qb3 Rxd5 24. cxd5 c4 25. Qa2 Qc5 26. Ra4 c3 27. Rb1 Kg7
28. Ra5 Qc8 29. Qa3 Qc4 30. Rc5 Qd3 31. Qb3 h5 32. h4 f4 33. Rd1 Qe2 34. exf4
Ra8 35. Rxc3 Bxc3 36. Qxc3+ Kg8 37. Qd3 Qxd3 38. Rxd3 Rd8 39. d6 f5 40. d7 Kf7
41. Rd6 1-0

[Event "Fujairah Masters 2012"]
[Site "Fujairah City UAE"]
[Date "2012.11.18"]
[Round "6.11"]
[White "Bakre, Tejas"]
[Black "Safarli, Eltaj"]
[Result "1/2-1/2"]
[WhiteTitle "GM"]
[BlackTitle "GM"]
[WhiteElo "2481"]
[BlackElo "2626"]
[WhiteFideId "5004195"]
[BlackFideId "13402129"]
[EventDate "2012.11.13"]

1. d4 Nf6 2. Nf3 g6 3. Nbd2 d5 4. e3 Bg7 5. b4 O-O 6. Be2 Nfd7 7. c4 e5 8. cxd5
exd4 9. Nxd4 Nb6 10. Bb2 Nxd5 11. Qb3 a5 12. bxa5 Nf4 13. exf4 Bxd4 14. O-O Nc6
15. Nc4 Qf6 16. Bf3 Bxb2 17. Qxb2 Qxb2 18. Nxb2 Nd4 19. Rfc1 c6 20. Nc4 Nxf3+
21. gxf3 Bh3 22. Rab1 Ra7 23. Nd6 Rxa5 24. Rxb7 Rxa2 25. Rc7 Ra3 26. Ne4 h6 27.
R7xc6 Rd8 28. f5 Bxf5 29. Kg2 Rdd3 30. R6c3 Bxe4 31. Rc8+ Kg7 32. fxe4 Rf3 33.
Rf1 g5 34. Rcc1 g4 35. Ra1 Rxa1 36. Rxa1 h5 37. Ra5 Kg6 38. h4 f6 39. Ra6 Kg7
40. Ra7+ Kg6 41. Ra6 1/2-1/2

[Event "Fujairah Masters 2012"]
[Site "Fujairah City UAE"]
[Date "2012.11.19"]
[Round "7.1"]
[White "Ganguly, Surya Shekhar"]
[Black "Bacrot, Etienne"]
[Result "1/2-1/2"]
[WhiteTitle "GM"]
[BlackTitle "GM"]
[WhiteElo "2619"]
[BlackElo "2702"]
[WhiteFideId "5002150"]
[BlackFideId "605506"]
[EventDate "2012.11.13"]

1. d4 d5 2. c4 e6 3. Nf3 Nf6 4. g3 dxc4 5. Bg2 a6 6. O-O Nc6 7. e3 Bd7 8. Qe2
Bd6 9. Qxc4 O-O 10. Rd1 Rb8 11. b3 b5 12. Qc2 e5 13. Bb2 Qe7 14. Nbd2 Rfc8 15.
a3 h6 16. Nh4 Nd8 17. Nf5 Bxf5 18. Qxf5 exd4 19. Bxd4 c5 20. Rac1 Qe6 21. Qxe6
Nxe6 22. Bxf6 gxf6 23. Ne4 Be7 24. Nd6 Rd8 25. Nf5 Bf8 26. Bd5 Nc7 27. e4 c4 28.
bxc4 Bxa3 29. Ra1 Bf8 30. cxb5 Nxd5 31. exd5 axb5 32. d6 b4 33. Rd5 Rb6 34. Rb1
Kh7 35. Rd4 Bxd6 36. Nxd6 1/2-1/2

[Event "Fujairah Masters 2012"]
[Site "Fujairah City UAE"]
[Date "2012.11.19"]
[Round "7.2"]
[White "Fedorchuk, Sergey A."]
[Black "Moiseenko, Alexander"]
[Result "1/2-1/2"]
[WhiteTitle "GM"]
[BlackTitle "GM"]
[WhiteElo "2652"]
[BlackElo "2702"]
[WhiteFideId "14102536"]
[BlackFideId "14102560"]
[EventDate "2012.11.13"]

1. e4 c5 2. Nf3 Nc6 3. Bb5 d6 4. O-O Bd7 5. Re1 Nf6 6. c3 a6 7. Bxc6 Bxc6 8. d4
Bxe4 9. Bg5 Bd5 10. Nbd2 e6 11. c4 Bxf3 12. Qxf3 cxd4 13. Qxb7 Qc8 14. Qb6 Qc5
15. Qb7 Qc8 16. Qb6 Qc5 17. Qb7 Qc8 18. Qb6 Qc5 19. Qb7 1/2-1/2

[Event "Fujairah Masters 2012"]
[Site "Fujairah City UAE"]
[Date "2012.11.19"]
[Round "7.3"]
[White "Kryvoruchko, Yuriy"]
[Black "Sandipan, Chanda"]
[Result "1/2-1/2"]
[WhiteTitle "GM"]
[BlackTitle "GM"]
[WhiteElo "2679"]
[BlackElo "2596"]
[WhiteFideId "14109182"]
[BlackFideId "5004225"]
[EventDate "2012.11.13"]

1. e4 c5 2. Nc3 d6 3. Nge2 Nf6 4. g3 e6 5. Bg2 a6 6. d4 cxd4 7. Nxd4 Qc7 8. O-O
Nc6 9. Be3 Be7 10. a4 O-O 11. Re1 Ne5 12. h3 Rd8 13. Nde2 b6 14. f4 Nc4 15. Bc1
d5 16. e5 Ne4 17. Qd3 Bc5+ 18. Kh2 Bb7 19. Nd1 Na5 20. Rb1 Nc6 21. c3 a5 22. Be3
Ba6 23. Qc2 Rac8 24. Rc1 Qe7 25. Bxe4 dxe4 26. Qxe4 Bb7 27. Bxc5 Qxc5 28. Qe3
Qd5 29. Qf2 Qb3 30. Qe3 Ne7 31. Nd4 Qxa4 32. g4 Qa2 33. f5 Qd5 34. Qg3 Nc6 35.
Ne3 Qxe5 36. fxe6 fxe6 37. Nec2 Qd5 38. Rxe6 Nxd4 39. Nxd4 Re8 40. Ree1 b5 41.
Qf2 g6 42. Rcd1 Rxe1 43. Rxe1 Rf8 44. Qe2 b4 45. Kg3 bxc3 46. bxc3 a4 47. Qe7 a3
48. Kh4 Qd8 49. Qxd8 Rxd8 50. Ra1 Ra8 51. Nc2 a2 52. Nb4 Ra3 53. Rxa2 Rxc3 54.
Rd2 1/2-1/2

[Event "Fujairah Masters 2012"]
[Site "Fujairah City UAE"]
[Date "2012.11.19"]
[Round "7.4"]
[White "Le, Quang Liem"]
[Black "Lupulescu, Constantin"]
[Result "1-0"]
[WhiteTitle "GM"]
[BlackTitle "GM"]
[WhiteElo "2705"]
[BlackElo "2622"]
[WhiteFideId "12401137"]
[BlackFideId "1207822"]
[EventDate "2012.11.13"]

1. Nf3 Nf6 2. c4 c5 3. Nc3 d5 4. cxd5 Nxd5 5. g3 Nc6 6. Bg2 g6 7. d3 Bg7 8. Bd2
Nxc3 9. Bxc3 e5 10. Nd2 Bd7 11. Nc4 O-O 12. a4 b6 13. O-O Qe7 14. e3 Rfd8 15.
Re1 Rac8 16. Qb3 Be8 17. Rad1 Qc7 18. Na3 a6 19. Qc4 Qa7 20. Qe4 Qb8 21. Qc4 Qa7
22. Ra1 Ne7 23. Red1 Bc6 24. Bxc6 Nxc6 25. e4 Qb7 26. Qb3 Rb8 27. Nc4 b5 28.
axb5 axb5 29. Ne3 Rd7 30. Qc2 Rbd8 31. b3 h5 32. h4 Rd6 33. Nd5 Ne7 34. Ba5 Rc8
35. Nxe7+ Qxe7 36. Bd2 Qd7 37. Be3 Bf8 38. Kg2 Kh7 39. Qc3 Kg8 40. Rd2 Re6 41.
Ra5 Qb7 42. Rda2 Qb8 43. Ra7 Re7 44. Ra8 Qxa8 45. Rxa8 Rxa8 46. Qxc5 Rb8 47. Bh6
b4 48. Qd6 Rbe8 49. Bxf8 Kxf8 50. Qxb4 Rd8 51. Qb5 Rd4 52. Kf3 f6 53. Ke3 Kg7
54. f4 Kf7 55. b4 Red7 56. Ke2 Ke6 57. Qc6+ R4d6 58. Qc4+ Ke7 59. b5 Re6 60.
Qc5+ Kf7 61. Qc8 Red6 62. b6 1-0

[Event "Fujairah Masters 2012"]
[Site "Fujairah City UAE"]
[Date "2012.11.19"]
[Round "7.5"]
[White "Saric, Ivan"]
[Black "Mchedlishvili, Mikheil"]
[Result "1/2-1/2"]
[WhiteTitle "GM"]
[BlackTitle "GM"]
[WhiteElo "2622"]
[BlackElo "2639"]
[WhiteFideId "14508150"]
[BlackFideId "13600966"]
[EventDate "2012.11.13"]

1. e4 c6 2. Nc3 d5 3. Nf3 Nf6 4. e5 Ne4 5. Ne2 Qb6 6. d4 e6 7. Nfg1 f6 8. f3 Ng5
9. exf6 gxf6 10. f4 Ne4 11. Ng3 Nd7 12. Nxe4 dxe4 13. c3 f5 14. Qh5+ Ke7 15. Nh3
Nf6 16. Qh4 Rg8 17. Ng5 Rg6 18. a4 Bg7 19. a5 Qb3 20. Qf2 h6 21. Nh3 Ng4 22. Qe2
c5 23. Ra3 Qd5 24. dxc5 Qxc5 25. Nf2 Nf6 26. g3 Nd5 27. Qc4 Qd6 28. Qb3 Bd7 29.
Qxb7 Rb8 30. Qa6 Qc5 31. Qc4 Qd6 32. Qa6 Qc5 33. Qc4 Qd6 1/2-1/2

[Event "Fujairah Masters 2012"]
[Site "Fujairah City UAE"]
[Date "2012.11.19"]
[Round "7.6"]
[White "Sumets, Andrey"]
[Black "Zherebukh, Yaroslav"]
[Result "1-0"]
[WhiteTitle "GM"]
[BlackTitle "GM"]
[WhiteElo "2622"]
[BlackElo "2627"]
[WhiteFideId "14105500"]
[BlackFideId "14116804"]
[EventDate "2012.11.13"]

1. d4 Nf6 2. c4 e6 3. Nc3 Bb4 4. Qc2 O-O 5. Nf3 c5 6. dxc5 Na6 7. g3 Nxc5 8. Bg2
b6 9. O-O Bb7 10. Bf4 Nce4 11. Nxe4 Bxe4 12. Qa4 Bc5 13. Rad1 Bc6 14. Qc2 Qc8
15. Be5 Ng4 16. Bd6 Bxd6 17. Rxd6 Nf6 18. Rfd1 Be4 19. Qc3 Qa6 20. b3 Qa3 21.
R6d2 d5 22. cxd5 Rac8 23. Qd4 Bxd5 24. Ne5 Bxg2 25. Kxg2 Nd5 26. e4 Nc3 27. Re1
b5 28. Re3 Nxa2 29. Qa1 f6 1-0

[Event "Fujairah Masters 2012"]
[Site "Fujairah City UAE"]
[Date "2012.11.19"]
[Round "7.7"]
[White "Jobava, Baadur"]
[Black "Ma, Qun"]
[Result "1-0"]
[WhiteTitle "GM"]
[WhiteElo "2710"]
[BlackElo "2534"]
[WhiteFideId "13601520"]
[BlackFideId "8603154"]
[EventDate "2012.11.13"]

1. b3 Nf6 2. Bb2 d5 3. e3 c6 4. f4 Bf5 5. Nf3 Nbd7 6. h3 h6 7. Nc3 e6 8. g4 Bh7
9. Bg2 Bd6 10. d3 O-O 11. Qd2 e5 12. O-O-O d4 13. exd4 exf4 14. g5 hxg5 15. Nxg5
Nh5 16. Nxh7 f3 17. Bxf3 Bf4 18. Nxf8 Ndf6 19. d5 Kxf8 20. dxc6 bxc6 21. Bxc6
Rc8 22. Bb7 Rc7 23. Ba6 Nd7 24. Bc4 Nb6 25. Qxf4 Nxf4 26. Kb1 Nxc4 27. dxc4 Rd7
28. a4 Rxd1+ 29. Rxd1 Qc8 30. Nd5 Ne6 31. Ba3+ Ke8 32. Ne7 Qb7 33. Rd5 Nc7 34.
Nf5 1-0

[Event "Fujairah Masters 2012"]
[Site "Fujairah City UAE"]
[Date "2012.11.19"]
[Round "7.8"]
[White "Ni, Hua"]
[Black "Ghaem Maghami, Ehsan"]
[Result "1/2-1/2"]
[WhiteTitle "GM"]
[BlackTitle "GM"]
[WhiteElo "2681"]
[BlackElo "2559"]
[WhiteFideId "8601160"]
[BlackFideId "12500739"]
[EventDate "2012.11.13"]

1. e4 d5 2. exd5 Qxd5 3. Nc3 Qa5 4. d4 Nf6 5. Nf3 c6 6. Bc4 Bf5 7. Bd2 e6 8. Nd5
Qd8 9. Nxf6+ Qxf6 10. Qe2 Nd7 11. O-O-O Be7 12. Bg5 Qg6 13. h4 Bxg5+ 14. hxg5
Nb6 15. Bd3 Nd5 16. Bxf5 Qxf5 17. Qe5 Qxe5 18. dxe5 Ke7 19. c4 Nb6 20. Rh4 h5
21. gxh6 Rxh6 22. Rxh6 gxh6 23. b3 Nd7 24. Rh1 Nc5 25. Kd2 Rd8+ 26. Ke2 Nd3 27.
Ke3 Nb4 28. a3 Nc2+ 29. Ke4 Nxa3 30. Ra1 Nc2 31. Rxa7 Rd7 32. Ra2 Nb4 33. Rd2
Rxd2 34. Nxd2 c5 35. g4 Nc6 36. f4 b6 37. Kd3 f6 38. exf6+ Kxf6 39. Ne4+ Ke7 40.
Nc3 Nb8 41. Ke3 Kf6 42. Ne4+ Ke7 43. g5 hxg5 44. fxg5 Nc6 45. Kf4 Kf7 46. Nd6+
Kg6 47. Nc8 e5+ 48. Kg4 e4 49. Nxb6 e3 50. Nd5 Ne5+ 51. Kg3 e2 52. Kf2 Nd3+ 53.
Kxe2 Nc1+ 54. Ke3 Kxg5 55. b4 cxb4 56. c5 Kf5 57. Nxb4 Ke5 58. Nd3+ 1/2-1/2

[Event "Fujairah Masters 2012"]
[Site "Fujairah City UAE"]
[Date "2012.11.19"]
[Round "7.9"]
[White "Gupta, Abhijeet"]
[Black "Bakre, Tejas"]
[Result "1-0"]
[WhiteTitle "GM"]
[BlackTitle "GM"]
[WhiteElo "2667"]
[BlackElo "2481"]
[WhiteFideId "5010608"]
[BlackFideId "5004195"]
[EventDate "2012.11.13"]

1. d4 d5 2. c4 c6 3. Nf3 Nf6 4. Nc3 dxc4 5. a4 Bf5 6. Ne5 e6 7. f3 c5 8. e4 Bg6
9. Be3 cxd4 10. Qxd4 Qxd4 11. Bxd4 Nfd7 12. Nxd7 Nxd7 13. Bxc4 Rc8 14. Bb3 a6
15. Rd1 e5 16. Be3 Bc5 17. Ke2 Bxe3 18. Kxe3 Nc5 19. Ba2 O-O 20. h4 h5 21. Rd6
Kh7 22. a5 f5 23. exf5 Bxf5 24. Rhd1 Bg6 25. Rb6 Rfd8 26. Rd5 Rxd5 27. Bxd5 Nd7
28. Rxb7 Nf6 29. Be4 Rc5 30. Rb4 Bxe4 31. fxe4 Rxa5 32. Ra4 Rxa4 33. Nxa4 Nd7
34. b4 g5 35. g3 gxh4 36. gxh4 Kg7 37. Kd3 Kf7 38. Kc4 Ke7 39. Kd5 Nf8 40. Nc5
Ng6 41. Nxa6 Kd7 42. b5 Nxh4 43. b6 Ng6 44. Nc5+ Kc8 45. Kc6 Ne7+ 46. Kd6 1-0

[Event "Fujairah Masters 2012"]
[Site "Fujairah City UAE"]
[Date "2012.11.19"]
[Round "7.10"]
[White "Andriasian, Zaven"]
[Black "Petrosian, Tigran L."]
[Result "1/2-1/2"]
[WhiteTitle "GM"]
[BlackTitle "GM"]
[WhiteElo "2604"]
[BlackElo "2659"]
[WhiteFideId "13302000"]
[BlackFideId "13301616"]
[EventDate "2012.11.13"]

1. e4 e5 2. Nf3 Nc6 3. Bc4 Bc5 4. c3 Nf6 5. d3 a6 6. O-O Ba7 7. Bb3 d6 8. h3 h6
9. Be3 O-O 10. Nbd2 Re8 11. Re1 Bxe3 12. Rxe3 d5 13. Re1 dxe4 14. Nxe4 Nxe4 15.
dxe4 Be6 16. Qxd8 Raxd8 17. Rad1 Bxb3 18. axb3 f6 19. b4 Kf7 20. Kf1 Ke6 21. Ke2
Rxd1 22. Rxd1 Rd8 23. Rxd8 Nxd8 24. Nd2 b5 25. h4 h5 26. Nf1 Nb7 27. Ne3 c6 28.
f3 a5 29. bxa5 Nxa5 30. b4 Nc4 31. Kd3 1/2-1/2

[Event "Fujairah Masters 2012"]
[Site "Fujairah City UAE"]
[Date "2012.11.19"]
[Round "7.11"]
[White "Tkachiev, Vladislav"]
[Black "Satyapragyan, Swayangsu"]
[Result "1/2-1/2"]
[WhiteTitle "GM"]
[BlackTitle "IM"]
[WhiteElo "2659"]
[BlackElo "2474"]
[WhiteFideId "618438"]
[BlackFideId "5004306"]
[EventDate "2012.11.13"]

1. Nf3 Nf6 2. c4 e6 3. g3 a6 4. Bg2 b5 5. b3 Bb7 6. O-O c5 7. Nc3 Qb6 8. Re1 Be7
9. e4 O-O 10. e5 Ne8 11. d3 Nc6 12. Be3 f6 13. d4 cxd4 14. Nxd4 Nxd4 15. Bxd4
Qc7 16. exf6 Bxf6 17. Bxb7 Qxb7 18. c5 Bxd4 19. Qxd4 Nf6 20. Rad1 Rf7 21. f4 Rc8
22. b4 Qf3 23. a3 Qh5 24. Ne4 Nxe4 25. Qxe4 Rcf8 26. c6 dxc6 27. Qxc6 Kh8 28.
Qxe6 Rf6 29. Qe7 Qf5 30. Rd8 h6 31. Rxf8+ Rxf8 32. Rd1 Rg8 33. Qe5 Qf7 34. Qd5
Qe7 35. Qe5 Qf7 36. Re1 Rd8 37. Qe3 Qa2 38. f5 Qb2 39. Re2 Qb1+ 40. Kg2 Qxf5 41.
Qe6 Qd3 42. Re3 Qc2+ 43. Re2 Qd3 44. Qe3 Qc4 45. h4 Rd3 46. Qe8+ Kh7 47. h5 Qg4
48. Qg6+ Qxg6 49. hxg6+ Kxg6 50. Re6+ Kf5 51. Rxa6 Ke5 1/2-1/2

[Event "Fujairah Masters 2012"]
[Site "Fujairah City UAE"]
[Date "2012.11.20"]
[Round "8.1"]
[White "Sandipan, Chanda"]
[Black "Le, Quang Liem"]
[Result "1-0"]
[WhiteTitle "GM"]
[BlackTitle "GM"]
[WhiteElo "2596"]
[BlackElo "2705"]
[WhiteFideId "5004225"]
[BlackFideId "12401137"]
[EventDate "2012.11.13"]

1. d4 Nf6 2. c4 g6 3. Nc3 d5 4. Nf3 Bg7 5. Qb3 dxc4 6. Qxc4 O-O 7. e4 Nc6 8. Be2
Bg4 9. d5 Na5 10. Qb4 Bxf3 11. Bxf3 c6 12. O-O Qb6 13. Qa4 Nd7 14. Rd1 Rfd8 15.
h4 h6 16. Be2 a6 17. Bd2 Qc7 18. b4 Nc4 19. Bxc4 b5 20. Qb3 bxc4 21. Qxc4 Nb6
22. Qc5 Rac8 23. Rac1 Qb7 24. Be3 Nc4 25. Qxc4 cxd5 26. Nxd5 Rxc4 27. Nf6+ Bxf6
28. Rxd8+ Kh7 29. Rxc4 Qb5 30. Rdc8 Bxh4 31. Bd4 Bf6 32. Bxf6 exf6 33. Rd4 g5
34. Rc5 Qe2 35. Rf5 Qxa2 36. Rd6 Qb1+ 37. Kh2 Qxe4 38. Rdxf6 Qh4+ 39. Kg1 Qxb4
40. Rxf7+ Kg8 41. R7f6 Kg7 42. Rf7+ Kg8 43. Rf3 Qe1+ 44. Kh2 Qe5+ 45. g3 Qd5 46.
R7f5 Qb7 47. Ra3 Kg7 48. Rfa5 Kg6 49. Rxa6+ Kh5 50. R3a4 Qg7 51. f3 Qf8 52. Rd4
Qg7 53. Rdd6 1-0

[Event "Fujairah Masters 2012"]
[Site "Fujairah City UAE"]
[Date "2012.11.20"]
[Round "8.2"]
[White "Bacrot, Etienne"]
[Black "Moiseenko, Alexander"]
[Result "1/2-1/2"]
[WhiteTitle "GM"]
[BlackTitle "GM"]
[WhiteElo "2702"]
[BlackElo "2702"]
[WhiteFideId "605506"]
[BlackFideId "14102560"]
[EventDate "2012.11.13"]

1. d4 Nf6 2. c4 e6 3. Nf3 d5 4. Nc3 Be7 5. Bg5 h6 6. Bh4 O-O 7. e3 b6 8. Bd3 Bb7
9. O-O Nbd7 10. Qe2 c5 11. Rfd1 cxd4 12. exd4 Ne4 13. Nxe4 Bxh4 14. cxd5 Bxd5
15. Nc3 Bb7 16. Be4 Bxe4 17. Nxe4 Be7 18. d5 exd5 19. Rxd5 Qc7 20. Rad1 Rad8 21.
Nd4 Nf6 22. Nb5 Qb8 23. Nxf6+ Bxf6 24. Nd6 Qc7 25. h3 a5 26. b3 Be7 27. Qd3 Bxd6
28. Rxd6 Rxd6 29. Qxd6 Qc2 30. Qd2 Rc8 31. Qxc2 1/2-1/2

[Event "Fujairah Masters 2012"]
[Site "Fujairah City UAE"]
[Date "2012.11.20"]
[Round "8.3"]
[White "Fedorchuk, Sergey A."]
[Black "Sumets, Andrey"]
[Result "1-0"]
[WhiteTitle "GM"]
[BlackTitle "GM"]
[WhiteElo "2652"]
[BlackElo "2622"]
[WhiteFideId "14102536"]
[BlackFideId "14105500"]
[EventDate "2012.11.13"]

1. e4 c6 2. d4 d5 3. Nd2 dxe4 4. Nxe4 Bf5 5. Ng3 Bg6 6. h4 h6 7. Nf3 Nd7 8. h5
Bh7 9. Bd3 Bxd3 10. Qxd3 e6 11. Bd2 Ngf6 12. O-O-O Be7 13. Ne4 Nxe4 14. Qxe4 Nf6
15. Qd3 O-O 16. g4 Nh7 17. Ne5 c5 18. dxc5 Qc7 19. f4 Rfd8 20. Qe2 Qxc5 21. Kb1
Rac8 22. c3 Rd5 23. Rde1 Rcd8 24. Be3 Qc7 25. c4 R5d6 26. g5 hxg5 27. fxg5 Bxg5
28. h6 Bxe3 29. Qxe3 g6 30. Ref1 Rf8 31. Rhg1 Rdd8 32. Qc3 g5 33. Nd7 e5 34.
Nxf8 Rxf8 35. Qd3 Qc6 36. Qf5 Qd6 37. Rxg5+ Nxg5 38. Qxg5+ Qg6+ 39. Qxg6+ fxg6
40. h7+ 1-0

[Event "Fujairah Masters 2012"]
[Site "Fujairah City UAE"]
[Date "2012.11.20"]
[Round "8.4"]
[White "Mchedlishvili, Mikheil"]
[Black "Ganguly, Surya Shekhar"]
[Result "0-1"]
[WhiteTitle "GM"]
[BlackTitle "GM"]
[WhiteElo "2639"]
[BlackElo "2619"]
[WhiteFideId "13600966"]
[BlackFideId "5002150"]
[EventDate "2012.11.13"]

1. d4 Nf6 2. c4 g6 3. Nc3 Bg7 4. e4 d6 5. Nf3 O-O 6. Be2 e5 7. O-O Nc6 8. d5 Ne7
9. Ne1 Nd7 10. Be3 f5 11. f3 f4 12. Bf2 g5 13. b4 Rf6 14. c5 Rh6 15. Rc1 Qe8 16.
Nb5 Qh5 17. h4 Nf6 18. Nxc7 Ng6 19. g4 fxg3 20. Bxg3 gxh4 21. Bh2 Qg5+ 22. Kf2
Nf4 23. Bc4 Nxe4+ 24. fxe4 Nh3+ 25. Ke2 Bg4+ 26. Nf3 Rf8 27. Rc3 Rhf6 28. Ke1
Rxf3 29. Rfxf3 Bxf3 30. Rxf3 Rxf3 31. Qxf3 Qc1+ 32. Ke2 Qxc4+ 33. Kd1 Qd4+ 34.
Kc2 Qc4+ 35. Kd1 Ng5 36. Qe2 Qxb4 37. cxd6 Nxe4 38. Qc2 Qd4+ 39. Ke1 Nxd6 40.
Ne6 Qxd5 0-1

[Event "Fujairah Masters 2012"]
[Site "Fujairah City UAE"]
[Date "2012.11.20"]
[Round "8.5"]
[White "Safarli, Eltaj"]
[Black "Jobava, Baadur"]
[Result "1/2-1/2"]
[WhiteTitle "GM"]
[BlackTitle "GM"]
[WhiteElo "2626"]
[BlackElo "2710"]
[WhiteFideId "13402129"]
[BlackFideId "13601520"]
[EventDate "2012.11.13"]

1. e4 c6 2. d4 d5 3. exd5 cxd5 4. c4 Nf6 5. Nc3 g6 6. Qb3 Bg7 7. cxd5 O-O 8. Be2
Na6 9. Bf3 Qb6 10. Qxb6 axb6 11. Nge2 Nb4 12. O-O h6 13. a3 Nd3 14. Rd1 Nxc1 15.
Raxc1 Ra5 16. d6 exd6 17. Nf4 Re8 18. b4 Rxa3 19. Nb5 Rxf3 20. gxf3 Bf8 21. Nc7
Rd8 22. Ncd5 Nxd5 23. Nxd5 b5 24. Rc7 Be6 25. Nf6+ Kg7 26. d5 Bh3 27. Ng4 Rb8
28. Ra1 h5 29. Ne3 Kf6 30. Ra7 Bc8 31. Kg2 Be7 32. Rc2 Ke5 33. Rca2 Bh4 34. Ra8
Rxa8 35. Rxa8 Bd7 36. Rb8 f5 37. Rxb7 Be8 38. Rb8 Bd7 39. Rb7 Be8 40. Rc7 f4 41.
Nd1 Kxd5 42. Nc3+ Kd4 43. Kf1 Bf6 44. Ke2 Be5 45. Kd2 g5 46. Ne2+ Kd5 47. Nc3+
Ke6 48. h3 h4 49. Ne4 Bf6 50. Rc8 Bd7 51. Rb8 Be7 52. Rb6 Ke5 53. Rb7 Ke6 54.
Rb6 Ke5 55. Rb7 Ke6 56. Rb6 Ke5 1/2-1/2

[Event "Fujairah Masters 2012"]
[Site "Fujairah City UAE"]
[Date "2012.11.20"]
[Round "8.6"]
[White "Ehlvest, Jaan"]
[Black "Kryvoruchko, Yuriy"]
[Result "1-0"]
[WhiteTitle "GM"]
[BlackTitle "GM"]
[WhiteElo "2597"]
[BlackElo "2679"]
[WhiteFideId "4500016"]
[BlackFideId "14109182"]
[EventDate "2012.11.13"]

1. e4 c5 2. Nf3 e6 3. d4 cxd4 4. Nxd4 Nc6 5. Nc3 Qc7 6. g3 a6 7. Bg2 Bc5 8. Nb3
Be7 9. Be3 Nf6 10. f4 d6 11. O-O O-O 12. a4 b6 13. g4 Nd7 14. g5 Re8 15. Rf3 Bb7
16. Rh3 Rab8 17. Qh5 Nf8 18. Rf1 Bd8 19. f5 Ne5 20. f6 Neg6 21. Nd4 Bc8 22. Nde2
b5 23. axb5 axb5 24. fxg7 Kxg7 25. Ng3 b4 26. Qh6+ Kg8 27. Rf6 e5 28. Nh5 Ne6
29. Nd5 Qxc2 30. Rf2 1-0

[Event "Fujairah Masters 2012"]
[Site "Fujairah City UAE"]
[Date "2012.11.20"]
[Round "8.7"]
[White "Saric, Ivan"]
[Black "Gupta, Abhijeet"]
[Result "1/2-1/2"]
[WhiteTitle "GM"]
[BlackTitle "GM"]
[WhiteElo "2622"]
[BlackElo "2667"]
[WhiteFideId "14508150"]
[BlackFideId "5010608"]
[EventDate "2012.11.13"]

1. e4 e5 2. Nf3 Nc6 3. Bb5 Nf6 4. O-O Nxe4 5. d4 Nd6 6. Bxc6 dxc6 7. dxe5 Nf5 8.
Qxd8+ Kxd8 9. Rd1+ Ke8 10. Nc3 Bd7 11. h3 h6 12. b3 Rd8 13. Bb2 h5 14. g3 Be7
15. Ne2 c5 16. c4 Bc6 17. Ne1 Bg5 18. Rxd8+ Kxd8 19. h4 Bh6 20. Bc1 Bxc1 21.
Rxc1 Re8 22. Nd3 b6 23. Nef4 Nd4 24. Kf1 Be4 25. Re1 Bf5 26. Kg2 g6 27. f3 Nc6
28. Kf2 a5 29. Re3 Nd4 30. Nc1 Kc8 31. Nd5 Nc2 32. Re2 Nd4 33. Re3 Nc2 34. Re2
Nd4 35. Re3 1/2-1/2